|
|
|
|
| LEADER |
01164nam a2200301 a 4500 |
| 001 |
208 |
| 003 |
BD-DhAAL |
| 005 |
20150217100244.0 |
| 008 |
150217s1993 caua b 000 0 eng |
| 010 |
|
|
|a 92046607
|
| 020 |
|
|
|a 1558152423 :
|c $5.00
|
| 040 |
|
|
|a DLC
|c DLC
|d DLC
|d BD-DhAAL
|
| 050 |
0 |
0 |
|a HC462.9
|b .I333 1993
|
| 082 |
0 |
0 |
|a 338.952
|2 20
|
| 100 |
1 |
|
|a Ichimura, Shinʾichi,
|d 1925-
|9 8520
|
| 245 |
1 |
4 |
|a The role of Japan in Asia /
|c Shinichi Ichimura.
|
| 260 |
|
|
|a San Francisco, Calif. :
|b ICS Press,
|c c1993.
|
| 300 |
|
|
|a 80 p. :
|b ill. ;
|c 20 cm.
|
| 490 |
1 |
|
|a Occasional papers ;
|v no. 36
|
| 500 |
|
|
|a "An International Center for Economic Growth publication."
|
| 504 |
|
|
|a Includes bibliographical references (p. 80).
|
| 541 |
|
|
|e 208
|
| 651 |
|
0 |
|a Japan
|x Economic conditions
|y 1945-
|9 8521
|
| 651 |
|
0 |
|a Asia
|x Economic conditions
|y 1945-
|9 8522
|
| 830 |
|
0 |
|a Occasional papers (International Center for Economic Growth) ;
|v no. 36.
|9 8237
|
| 942 |
|
|
|2 ddc
|c BK
|
| 999 |
|
|
|c 33723
|d 33723
|
| 952 |
|
|
|0 0
|1 0
|2 ddc
|4 0
|6 338_952000000000000_ICH
|7 0
|9 52664
|a SCL
|b SCL
|c GEN
|d 2015-02-17
|e Gift: The Asia Foundation
|l 0
|o 338.952 ICH
|p 3020000208
|r 2015-02-17
|t 1
|w 2015-02-17
|y BK
|